Sociedad civil y capital social /
Este documento aborda el tema de la democracia desde una perspectiva opuesta al llamado neoinstitucionalismo; es decir, se orienta a analizar los procesos de democratización desde la base de la sociedad civil y, en general, desde lo que se conoce como el capital social. Desde mediados de la década d...
保存先:
| 第一著者: | |
|---|---|
| フォーマット: | テキスト |
| 主題: | |
| タグ: |
タグ追加
タグなし, このレコードへの初めてのタグを付けませんか!
|
MARC
| LEADER | 00000 a a2200000 04500 | ||
|---|---|---|---|
| 001 | 40915 | ||
| 003 | |||
| 040 | |||
| 100 | |a Fernández Santillán, José | ||
| 245 | |a Sociedad civil y capital social / |c José Fernández Santillán | ||
| 500 | |a jfsantillan@itesm.mx | ||
| 520 | |a Este documento aborda el tema de la democracia desde una perspectiva opuesta al llamado neoinstitucionalismo; es decir, se orienta a analizar los procesos de democratización desde la base de la sociedad civil y, en general, desde lo que se conoce como el capital social. Desde mediados de la década de 1980, el tema de la democracia desde la perspectiva de la sociedad civil fue cobrando cada vez más relevancia. | ||
| 590 | |a RRA/NOVIEMBRE2011 | ||
| 650 | |a CAPITAL SOCIAL | ||
| 650 | |a SOCIEDAD CIVIL | ||
| 650 | |a DEMOCRATIZACION | ||
| 650 | |a DEMOCRACIA | ||
| 650 | |a TEORIA | ||
| 773 | |g volumen16, número49 (2009), páginas 103-141 | ||
| 999 | |c 25471 |d 25471 | ||
